[Event "Køge Bugt Forår 2012"]
[Site "Solrød Skole"]
[Date "2012.04.11"]
[Round "1.1"]
[White "Pondal, Jesper"]
[Black "Hansen, Erik Levin"]
[Result "1-0"]
[WhiteElo "1946"]
[BlackElo "1743"]
[PlyCount "75"]
[EventDate "2012.??.??"]
[WhiteTeam "Køge Skakklub"]
[BlackTeam "Haslev Skakklub"]

1. d4 Nc6 2. Nf3 f5 3. d5 Nb4 4. a3 Na6 5. Qd4 Nf6 6. c4 c5 7. Qd3 g6 8. Nc3
Bg7 9. g3 d6 10. Bg2 Bd7 11. Ng5 Nc7 12. O-O O-O 13. Bd2 Rb8 14. a4 Qe8 15. Nb5
Nxb5 16. axb5 a6 17. bxa6 bxa6 18. Bc3 Qc8 19. Ra3 h6 20. Nf3 Ne8 21. Rfa1 Rb6
22. R1a2 Nf6 23. Nd2 Qb8 24. Rxa6 Rxa6 25. Rxa6 Qb7 26. Ra3 Ra8 27. Qb1 Ne4 28.
Rxa8+ Qxa8 29. Nxe4 fxe4 30. Bxg7 Kxg7 31. Bxe4 Bf5 32. Bxf5 gxf5 33. Qxf5 Qa1+
34. Kg2 Qxb2 35. Qe6 Qb7 36. f4 Qa7 37. f5 Qc7 38. Qg6+ 1-0

[Event "Køge Bugt Forår 2012"]
[Site "Solrød Skole"]
[Date "2012.04.11"]
[Round "1.2"]
[White "Forsmann, Henning"]
[Black "Nielsen, Morten Davidsen"]
[Result "0-1"]
[WhiteElo "1747"]
[BlackElo "1915"]
[PlyCount "48"]
[EventDate "2012.??.??"]
[WhiteTeam "Solrød Skakklub"]
[BlackTeam "Musikvidenskabeligt Institut"]

1. c4 Nf6 2. d4 c5 3. d5 b5 4. cxb5 a6 5. b6 e6 6. Nc3 Nxd5 7. Nxd5 exd5 8.
Qxd5 Nc6 9. Nf3 Qf6 10. e4 Rb8 11. e5 Qg6 12. a3 Rxb6 13. Bd3 Qxg2 14. Rg1 Qh3
15. Ng5 Qh5 16. Rg3 Nd8 17. Qg2 d5 18. exd6 Bxd6 19. Re3+ Kf8 20. Qe4 Ne6 21.
Bc4 Qxg5 22. Bxe6 Qg1+ 23. Kd2 Bxe6 24. Qf3 Bg4 0-1

[Event "Køge Bugt Forår 2012"]
[Site "Solrød Skole"]
[Date "2012.04.11"]
[Round "1.3"]
[White "Christensen, Verner"]
[Black "Stuhr, Finn"]
[Result "1/2-1/2"]
[WhiteElo "1917"]
[BlackElo "1702"]
[PlyCount "65"]
[EventDate "2012.??.??"]
[WhiteTeam "Solrød Skakklub"]
[BlackTeam "Køge Skakklub"]

1. e4 e5 2. Nf3 Nc6 3. Bc4 Nf6 4. d4 exd4 5. O-O Be7 6. e5 Ne4 7. c3 d5 8. Bb3
Bg4 9. cxd4 Bxf3 10. Qxf3 Nxd4 11. Qg4 Nxb3 12. axb3 O-O 13. Nc3 Ng5 14. f4 Ne4
15. Nxe4 dxe4 16. Rd1 Bc5+ 17. Kh1 Qe7 18. Bd2 f5 19. Qe2 Rfd8 20. b4 Bb6 21.
Qc4+ Kh8 22. Bc3 Qh4 23. Qf7 Qg4 24. Rd7 Rf8 25. Qb3 Rad8 26. Rad1 Rxd7 27.
Rxd7 Qxf4 28. Qd1 Qg4 29. e6 Qxd1+ 30. Rxd1 Re8 31. Rd7 Kg8 32. Rxg7+ Kf8 33.
Rf7+ 1/2-1/2

[Event "Køge Bugt Forår 2012"]
[Site "Solrød Skole"]
[Date "2012.04.11"]
[Round "1.4"]
[White "Johannsen, Bjørn"]
[Black "Krogh, Peter Ove"]
[Result "1/2-1/2"]
[WhiteElo "1750"]
[BlackElo "1895"]
[PlyCount "150"]
[EventDate "2012.??.??"]
[WhiteTeam "Haslev Skakklub"]
[BlackTeam "Køge Skakklub"]

1. d4 Nf6 2. Bf4 d6 3. e3 g6 4. Nf3 Bg7 5. c3 O-O 6. Bd3 Nh5 7. Bg3 Nd7 8. Nbd2
e5 9. Bh4 Qe8 10. dxe5 dxe5 11. Qc2 Nc5 12. Bc4 b5 13. Be2 Bb7 14. Rc1 h6 15.
c4 b4 16. b3 e4 17. Nd4 Bxd4 18. exd4 Nd3+ 19. Kf1 Nhf4 20. Bg3 Nxe2 21. Kxe2
Nxc1+ 22. Rxc1 f5 23. Bxc7 e3 24. Nf3 exf2+ 25. Kxf2 Bxf3 26. gxf3 Qe7 27. Be5
Kh7 28. c5 Qe6 29. c6 Qd5 30. c7 Rac8 31. Qd2 Rf7 32. Qxb4 Qd7 33. Qb7 a5 34.
Qb6 a4 35. Rc6 Qe7 36. Rxg6 Qh4+ 37. Bg3 Qh5 38. Rf6 axb3 39. Rxf7+ Qxf7 40.
Qxb3 Qf6 41. Be5 Qh4+ 42. Ke2 Qe7 43. Qb7 Qd7 44. Qb6 Rf8 45. Qc5 Re8 46. Kd3
Qc8 47. a4 Kg6 48. f4 Qb7 49. d5 Qb3+ 50. Kd2 Qa2+ 51. Kc3 Rc8 52. a5 Qxh2 53.
d6 Qg3+ 54. Kb2 Qg2+ 55. Qc2 Qb7+ 56. Qb3 Qg2+ 57. Ka3 Qa8 58. Qe6+ Kh5 59.
Qxf5+ Kh4 60. Bf6+ Kg3 61. Qg6+ Kf2 62. Bd4+ Ke2 63. Qc2+ Kf3 64. Bb6 Kxf4 65.
Qh2+ Kf5 66. Qh5+ Ke6 67. Qxh6+ Kd7 68. Qg7+ Ke6 69. d7 Qf3+ 70. Kb4 Qe4+ 71.
Kb5 Qd3+ 72. Kb4 Qxd7 73. Qxd7+ Kxd7 74. Kb5 Rxc7 75. Bxc7 Kxc7 1/2-1/2

[Event "Køge Bugt Forår 2012"]
[Site "Solrød Skole"]
[Date "2012.04.11"]
[Round "1.5"]
[White "Olsen, Jonas Bagge"]
[Black "Nielsen, Michael"]
[Result "1-0"]
[WhiteElo "1613"]
[BlackElo "1785"]
[PlyCount "63"]
[EventDate "2012.??.??"]
[WhiteTeam "Haslev Skakklub"]
[BlackTeam "Solrød Skakklub"]

1. d4 d5 2. c3 Nf6 3. Bf4 b6 4. Qc2 e6 5. Nf3 Bd6 6. Bg3 Bxg3 7. hxg3 Nbd7 8.
e3 h6 9. Nbd2 c5 10. Be2 Bb7 11. Qa4 O-O 12. Qc2 cxd4 13. exd4 Ng4 14. Rh4 f5
15. Nh2 Nxh2 16. Rxh2 Nf6 17. Bh5 Ne4 18. Nf3 f4 19. g4 Rf6 20. Ne5 Qc7 21. Qd3
Raf8 22. Bg6 Ng5 23. f3 Nf7 24. Bxf7+ R8xf7 25. g5 Rf5 26. Nxf7 Qxf7 27. gxh6
Qg6 28. O-O-O gxh6 29. Rdh1 h5 30. Rxh5 Qxh5 31. Rxh5 Rxh5 32. Qg6+ 1-0

[Event "Køge Bugt Forår 2012"]
[Site "Solrød Skole"]
[Date "2012.04.11"]
[Round "1.6"]
[White "Sørensen, Aron Frank"]
[Black "Christensen, Peter"]
[Result "1/2-1/2"]
[WhiteElo "1670"]
[BlackElo "1588"]
[PlyCount "35"]
[EventDate "2012.??.??"]
[WhiteTeam "Solrød Skakklub"]
[BlackTeam "Køge Skakklub"]

1. c4 e6 2. g3 c6 3. Bg2 d5 4. cxd5 exd5 5. e3 Nf6 6. Ne2 Bd6 7. O-O O-O 8. h3
Be6 9. Nbc3 Nbd7 10. Nd4 Qc7 11. Nxe6 fxe6 12. d4 Rae8 13. Ne2 e5 14. dxe5 Bxe5
15. Rb1 Nc5 16. b4 Ne6 17. Bb2 Rd8 18. Qc2 1/2-1/2

[Event "Køge Bugt Forår 2012"]
[Site "Solrød Skole"]
[Date "2012.04.11"]
[Round "1.7"]
[White "Bayhan, Erkan"]
[Black "Orup, Kim Amdi"]
[Result "1-0"]
[WhiteElo "1507"]
[BlackElo "1803"]
[PlyCount "111"]
[EventDate "2012.??.??"]
[WhiteTeam "Hvidovre Skakklub"]
[BlackTeam "Solrød Skakklub"]

1. d4 f5 2. c4 Nf6 3. Nc3 e6 4. Nf3 d6 5. Bf4 Be7 6. e3 h6 7. h3 g5 8. Bh2 Nbd7
9. Bd3 Nf8 10. Qc2 a6 11. d5 Qd7 12. Nd4 c5 13. dxe6 Nxe6 14. Nxf5 b6 15. Ne4
Nxe4 16. Bxe4 Bb7 17. O-O Nd8 18. Rad1 Nf7 19. Bxb7 Qxb7 20. Nxd6+ Bxd6 21.
Bxd6 Nxd6 22. Rxd6 Rh7 23. Qg6+ Qf7 24. Re6+ Kd7 25. Rxb6 Qxg6 26. Rxg6 Kc7 27.
Rd1 Rb8 28. b3 Rb6 29. Rxb6 Kxb6 30. Rd5 Kc6 31. Kf1 Rg7 32. g4 Rf7 33. Ke2 Rf6
34. e4 Re6 35. e5 a5 36. Kd3 Kb6 37. Ke4 a4 38. Rd6+ Rxd6 39. exd6 axb3 40.
axb3 Kc6 41. Ke5 Kb7 42. Ke6 Ka6 43. d7 Ka5 44. d8=Q+ Kb4 45. Qb6+ Kc3 46. Ke5
Kd2 47. b4 cxb4 48. Qxb4+ Ke2 49. Qc3 Kxf2 50. Ke4 Kg2 51. Qe3 Kh2 52. Kd3 Kg2
53. Ke2 h5 54. Qxg5 hxg4 55. Qxg4+ Kh2 56. Kf2 1-0

[Event "Køge Bugt Forår 2012"]
[Site "Solrød Skole"]
[Date "2012.04.11"]
[Round "1.9"]
[White "Larsen, Paul M"]
[Black "Kieldsen, Seier"]
[Result "1/2-1/2"]
[WhiteElo "1624"]
[BlackElo "1266"]
[PlyCount "56"]
[EventDate "2012.??.??"]
[WhiteTeam "Haslev Skakklub"]
[BlackTeam "Solrød Skakklub"]

1. d4 d5 2. Nf3 Nd7 3. e3 Ngf6 4. Bd3 c5 5. c3 c4 6. Bc2 e6 7. O-O Qc7 8. Nbd2
Bd6 9. Re1 O-O 10. a4 a5 11. h3 e5 12. dxe5 Nxe5 13. Nxe5 Bxe5 14. e4 d4 15.
cxd4 Bxd4 16. Nf3 Bc5 17. e5 Ne8 18. Bxh7+ Kxh7 19. Ng5+ Kg8 20. Qh5 Bf5 21. e6
f6 22. Nf7 Bh7 23. Re4 Rxf7 24. exf7+ Qxf7 25. Rxe8+ Rxe8 26. Qxc5 b6 27. Qd6
Qe6 28. Qxe6+ Rxe6 1/2-1/2

[Event "Køge Bugt Forår 2012"]
[Site "Solrød Skole"]
[Date "2012.04.11"]
[Round "1.10"]
[White "Thinggaard, Jørgen"]
[Black "Krag-Jacobsen, Alan"]
[Result "0-1"]
[WhiteElo "1247"]
[BlackElo "1670"]
[PlyCount "110"]
[EventDate "2012.??.??"]
[WhiteTeam "Solrød Skakklub"]
[BlackTeam "Solrød Skakklub"]

1. e4 e5 2. Nf3 Nc6 3. Bb5 a6 4. Ba4 Nf6 5. d3 h6 6. O-O Bc5 7. h3 b5 8. Bb3 d6
9. a4 b4 10. Bd5 Nxd5 11. exd5 Ne7 12. c4 bxc3 13. Nxc3 Rb8 14. d4 exd4 15.
Nxd4 Bb7 16. Re1 O-O 17. Qg4 Kh8 18. Nf5 Nxf5 19. Qxf5 Bc8 20. Qh5 Rb4 21. g3
Qf6 22. Qe2 Bd7 23. Ne4 Rxe4 24. Qxe4 Qxf2+ 25. Kh1 Re8 26. Be3 Bxe3 27. Qg2
Qf6 28. Rf1 Qg6 29. Rae1 Bf5 30. g4 Be4 31. Rf3 Bxf3 32. Qxf3 Qd3 33. Kg2 Kg8
34. Rd1 Qc2+ 35. Kg3 Qxb2 36. Qf5 Qe5+ 37. Kf3 Qh2 38. Rf1 Qxh3+ 39. Ke2 Bd4+
40. Kd1 Qb3+ 41. Qc2 Qxd5 42. Qd3 c5 43. Qf5 Be5+ 44. Kc1 Qc4+ 45. Kd1 Qxa4+
46. Qc2 Qxg4+ 47. Qe2 Qxe2+ 48. Kxe2 a5 49. Kd3 a4 50. Rf2 Ra8 51. Kc4 a3 52.
Kb3 a2 53. Rxa2 Rxa2 54. Kxa2 f5 55. Kb1 Kf7 0-1

[Event "Køge Bugt Forår 2012"]
[Site "Solrød Skole"]
[Date "2012.04.11"]
[Round "1.11"]
[White "Petersen, Torben William"]
[Black "Wieland, Carsten"]
[Result "1-0"]
[WhiteElo "1277"]
[BlackElo "1520"]
[PlyCount "55"]
[EventDate "2012.??.??"]
[WhiteTeam "Allerød Skakklub"]
[BlackTeam "Solrød Skakklub"]

1. d4 Nf6 2. Nf3 e6 3. e3 d5 4. Bd3 Be7 5. b3 O-O 6. O-O b6 7. Bb2 c5 8. Nbd2
Nc6 9. a3 Bb7 10. Ne5 Nxe5 11. dxe5 Nd7 12. f4 Qc7 13. Bxh7+ Kxh7 14. Qh5+ Kg8
15. Rf3 f6 16. Rh3 f5 17. Qg6 Nf6 18. exf6 Bxf6 19. Bxf6 Rxf6 20. Qh7+ Kf8 21.
Nf3 Rc8 22. Ne5 d4 23. Qh8+ Ke7 24. Qxg7+ Kd6 25. Qxf6 dxe3 26. Rd1+ Bd5 27. c4
e2 28. Rxd5# 1-0

[Event "Køge Bugt Forår 2012"]
[Site "Solrød Skole"]
[Date "2012.04.18"]
[Round "2.1"]
[White "Nielsen, Morten Davidsen"]
[Black "Christensen, Verner"]
[Result "1-0"]
[WhiteElo "1915"]
[BlackElo "1917"]
[PlyCount "73"]
[EventDate "2012.??.??"]
[WhiteTeam "Musikvidenskabeligt Institut"]
[BlackTeam "Solrød Skakklub"]

1. e4 e5 2. Bc4 Nf6 3. Nf3 Nc6 4. Ng5 d5 5. exd5 b5 6. Bf1 Nd4 7. c3 Nxd5 8.
Nxf7 Kxf7 9. cxd4 Qf6 10. Qh5+ g6 11. Qxe5 Bb7 12. Qxf6+ Kxf6 13. b3 Bh6 14.
Bb2 Rhe8+ 15. Kd1 a6 16. Rg1 Kf7 17. g3 Nf6 18. Bg2 Ne4 19. Kc2 c5 20. d3 Nxf2
21. Bxb7 Re2+ 22. Kc3 cxd4+ 23. Kb4 a5+ 24. Kxb5 Rb8 25. Bxd4 Rxb7+ 26. Kc6 Rb4
27. Bc5 Rc2 28. Na3 Rxc5+ 29. Kxc5 Be3+ 30. Kc6 Nxd3 31. Rgf1+ Kg7 32. Nc4 Ba7
33. Rad1 Nc5 34. Rde1 Rb7 35. Nxa5 Rb6+ 36. Kxc5 Rxb3+ 37. Kc4 1-0

[Event "Køge Bugt Forår 2012"]
[Site "Solrød Skole"]
[Date "2012.04.18"]
[Round "2.2"]
[White "Krogh, Peter Ove"]
[Black "Stuhr, Finn"]
[Result "1-0"]
[WhiteElo "1895"]
[BlackElo "1702"]
[PlyCount "63"]
[EventDate "2012.??.??"]
[WhiteTeam "Køge Skakklub"]
[BlackTeam "Køge Skakklub"]

1. c4 g6 2. d4 b6 3. e4 Bb7 4. Nc3 Bg7 5. Nf3 d6 6. Bg5 Nd7 7. Be2 Ngf6 8. d5
c6 9. O-O cxd5 10. exd5 O-O 11. Qd2 Nc5 12. Bd3 Nxd3 13. Qxd3 Rc8 14. Rac1 Qd7
15. Nb5 a6 16. Nbd4 Qc7 17. b3 Nxd5 18. cxd5 Qd7 19. Nc6 f6 20. Be3 b5 21. Nfd4
Qe8 22. h4 e5 23. dxe6 Bxc6 24. Nxc6 Rxc6 25. e7 Rf7 26. Rxc6 Qxc6 27. Rc1 Qd7
28. Rc7 Qe8 29. Qxd6 Bf8 30. exf8=Q+ Rxf8 31. Qd5+ Kh8 32. Qb7 1-0

[Event "Køge Bugt Forår 2012"]
[Site "Solrød Skole"]
[Date "2012.04.18"]
[Round "2.3"]
[White "Hansen, Erik Levin"]
[Black "Olsen, Jonas Bagge"]
[Result "1/2-1/2"]
[WhiteElo "1743"]
[BlackElo "1613"]
[PlyCount "47"]
[EventDate "2012.??.??"]
[WhiteTeam "Haslev Skakklub"]
[BlackTeam "Haslev Skakklub"]

1. c4 c5 2. Nf3 Nf6 3. Nc3 Nc6 4. g3 d5 5. cxd5 Nxd5 6. Bg2 Nxc3 7. bxc3 g6 8.
O-O Bg7 9. Qc2 Qc7 10. Rd1 O-O 11. Rb1 Rb8 12. d4 e5 13. d5 e4 14. Ng5 Ne5 15.
Bxe4 Nc4 16. d6 Qd7 17. Qd3 Ne5 18. Qd5 b6 19. Qb3 Bb7 20. Bxb7 Qxb7 21. Bf4 h6
22. Nf3 Nxf3+ 23. exf3 Rbd8 24. c4 1/2-1/2

[Event "Køge Bugt Forår 2012"]
[Site "Solrød Skole"]
[Date "2012.04.18"]
[Round "2.4"]
[White "Refsgaard, Kaj"]
[Black "Forsmann, Henning"]
[Result "0-1"]
[WhiteElo "1705"]
[BlackElo "1747"]
[PlyCount "70"]
[EventDate "2012.??.??"]
[WhiteTeam "Jernbanens Skakklub"]
[BlackTeam "Solrød Skakklub"]

1. d4 Nf6 2. Bg5 d5 3. Bxf6 gxf6 4. e3 Bf5 5. Bd3 Bg6 6. Ne2 e5 7. Bxg6 hxg6 8.
Qd3 c6 9. e4 dxe4 10. Qxe4 Bd6 11. Nbc3 f5 12. Qd3 Qg5 13. dxe5 Bxe5 14. f4
Bxc3+ 15. Qxc3 Qh6 16. Qe5+ Kf8 17. O-O-O Na6 18. Ng3 Qg7 19. Qd6+ Kg8 20. h4
Rh6 21. Qe7 Rb8 22. h5 Qf8 23. Qe5 Re8 24. Qc3 Nb4 25. Kb1 Nd5 26. Qf3 Qb4 27.
hxg6 Rxh1 28. gxf7+ Kxf7 29. Nxh1 Nxf4 30. a3 Qe4 31. Qb3+ Nd5 32. Qxb7+ Re7
33. Qxc6 Ne3 34. Qxe4 fxe4 35. g3 Nxd1 0-1

[Event "Køge Bugt Forår 2012"]
[Site "Solrød Skole"]
[Date "2012.04.18"]
[Round "2.5"]
[White "Christensen, Peter"]
[Black "Bayhan, Erkan"]
[Result "1/2-1/2"]
[WhiteElo "1588"]
[BlackElo "1507"]
[PlyCount "34"]
[EventDate "2012.??.??"]
[WhiteTeam "Køge Skakklub"]
[BlackTeam "Hvidovre Skakklub"]

1. d4 Nf6 2. c4 g6 3. Nc3 d5 4. e3 c6 5. cxd5 Nxd5 6. Nf3 Bg7 7. Bd3 O-O 8. O-O
Bg4 9. Be2 Qc7 10. Bd2 Nd7 11. Rc1 Nxc3 12. Bxc3 Nf6 13. Qc2 Nd5 14. Bd2 e5 15.
Rfe1 exd4 16. exd4 Rfe8 17. Qc4 Qd6 1/2-1/2

[Event "Køge Bugt Forår 2012"]
[Site "Solrød Skole"]
[Date "2012.04.18"]
[Round "2.6"]
[White "Nielsen, Michael"]
[Black "Johannsen, Bjørn"]
[Result "1/2-1/2"]
[WhiteElo "1785"]
[BlackElo "1750"]
[PlyCount "57"]
[EventDate "2012.??.??"]
[WhiteTeam "Solrød Skakklub"]
[BlackTeam "Haslev Skakklub"]

1. c4 e5 2. e4 Bc5 3. Nc3 d6 4. d3 c6 5. g3 Na6 6. Bg2 Nf6 7. Nf3 h6 8. O-O Be6
9. a3 Nc7 10. b4 Bb6 11. Na4 Bg4 12. Nxb6 axb6 13. Be3 Ne6 14. h3 Bh5 15. Qd2
Bxf3 16. Bxf3 Qc7 17. a4 Ke7 18. Bg2 Nh5 19. Ra2 Nd4 20. Bxd4 exd4 21. Qe2 g6
22. h4 Ng7 23. f4 f6 24. Qg4 Kf7 25. Qf3 Rhe8 26. b5 Ra5 27. Qf2 c5 28. Qf3 Re7
29. e5 1/2-1/2

[Event "Køge Bugt Forår 2012"]
[Site "Solrød Skole"]
[Date "2012.04.18"]
[Round "2.7"]
[White "Krag-Jacobsen, Alan"]
[Black "Larsen, Paul M"]
[Result "0-1"]
[WhiteElo "1670"]
[BlackElo "1624"]
[PlyCount "92"]
[EventDate "2012.??.??"]
[WhiteTeam "Solrød Skakklub"]
[BlackTeam "Haslev Skakklub"]

1. d4 Nf6 2. c4 e6 3. Nc3 Bb4 4. Qc2 O-O 5. Bg5 b6 6. e4 Bxc3+ 7. bxc3 h6 8.
Bh4 g5 9. Bg3 Bb7 10. Bd3 Nh5 11. Ne2 d6 12. h4 Nxg3 13. fxg3 e5 14. O-O-O Bc8
15. Rdf1 g4 16. Qd2 Kg7 17. Kc2 h5 18. Nc1 f6 19. Be2 Nc6 20. Nb3 Ne7 21. Rd1
Qe8 22. Rhf1 Qg6 23. Bd3 Bd7 24. Rf2 Rf7 25. Rdf1 Raf8 26. d5 f5 27. exf5 Bxf5
28. Nc1 e4 29. Rxf5 exd3+ 30. Nxd3 Rxf5 31. Rxf5 Nxf5 32. Kb2 Nxg3 33. Nf4 Rxf4
34. Qxf4 Ne4 35. g3 Nc5 36. Qd4+ Qf6 37. Qe3 Qe5 38. Qd2 Ne4 39. Qc2 Nxg3 40.
Qa4 Qe2+ 41. Ka3 Qe7 42. Qxa7 Ne4 43. Kb2 g3 44. Qa4 g2 45. Qd1 Qf6 46. Qe1
Qxc3+ 0-1

[Event "Køge Bugt Forår 2012"]
[Site "Solrød Skole"]
[Date "2012.04.18"]
[Round "2.9"]
[White "Orup, Kim Amdi"]
[Black "Thinggaard, Jørgen"]
[Result "1-0"]
[WhiteElo "1803"]
[BlackElo "1247"]
[PlyCount "65"]
[EventDate "2012.??.??"]
[WhiteTeam "Solrød Skakklub"]
[BlackTeam "Solrød Skakklub"]

1. e4 e5 2. Bc4 Nf6 3. Nc3 Bb4 4. d3 O-O 5. Bd2 Nc6 6. Nf3 d6 7. h3 a6 8. Ne2
d5 9. exd5 Nxd5 10. O-O b5 11. Bb3 Bxd2 12. Qxd2 Be6 13. a3 Qf6 14. Ng3 Nf4 15.
Ne4 Qg6 16. Ng3 Qf6 17. Bxe6 fxe6 18. Qc3 Nd4 19. Nxd4 exd4 20. Qxc7 Rac8 21.
Qb7 Rxc2 22. Rac1 Rxc1 23. Rxc1 Nxd3 24. Ne4 Qg6 25. Rc8 e5 26. Rxf8+ Kxf8 27.
Qc8+ Kf7 28. Qd7+ Kf8 29. Nd6 Qxd6 30. Qxd6+ Kf7 31. Qxa6 Nxb2 32. Qxb5 Nd1 33.
Qb3+ 1-0

[Event "Køge Bugt Forår 2012"]
[Site "Solrød Skole"]
[Date "2012.04.18"]
[Round "2.10"]
[White "Wieland, Carsten"]
[Black "Trærup, Jørgen"]
[Result "0-1"]
[WhiteElo "1520"]
[BlackElo "1686"]
[PlyCount "108"]
[EventDate "2012.??.??"]
[WhiteTeam "Solrød Skakklub"]
[BlackTeam "BMS Skak"]

1. d4 Nf6 2. c4 b6 3. Nf3 Bb7 4. e3 d6 5. Nc3 Nbd7 6. Bd3 c5 7. d5 Bc8 8. Qa4
g6 9. Ng5 Bg7 10. O-O O-O 11. f4 Ne8 12. Bd2 Ndf6 13. Qc2 Bd7 14. Nce4 Qc8 15.
Bc3 Bf5 16. Nxf6+ Nxf6 17. Bxf5 Qxf5 18. e4 Qg4 19. h3 Qd7 20. f5 a6 21. fxg6
hxg6 22. e5 dxe5 23. Bxe5 Nh5 24. Bxg7 Nxg7 25. Qf2 f6 26. Ne4 Qf5 27. Qh4 Qh5
28. Qxh5 Nxh5 29. Rad1 f5 30. Ng5 Ng3 31. Rfe1 Ra7 32. Re6 Rf6 33. Rde1 Nh5 34.
Rxe7 Ra8 35. R7e6 Raf8 36. Re8 Rd6 37. Rxf8+ Kxf8 38. Kf2 Nf4 39. Kg3 Nh5+ 40.
Kh4 Nf6 41. Nf3 Ne4 42. g4 Rd7 43. Ng5 Re7 44. Nxe4 fxe4 45. Kg5 Kg7 46. Kf4
Rf7+ 47. Ke3 g5 48. Rd1 Rf3+ 49. Kxe4 Rf4+ 50. Ke5 Kf7 51. d6 Ke8 52. d7+ Kd8
53. Kd6 Rd4+ 54. Rxd4 cxd4 0-1

[Event "Køge Bugt Forår 2012"]
[Site "Solrød Skole"]
[Date "2012.05.02"]
[Round "3.1"]
[White "Olsen, Jonas Bagge"]
[Black "Nielsen, Morten Davidsen"]
[Result "1/2-1/2"]
[WhiteElo "1613"]
[BlackElo "1915"]
[PlyCount "52"]
[EventDate "2012.??.??"]
[WhiteTeam "Haslev Skakklub"]
[BlackTeam "Musikvidenskabeligt Institut"]

1. d4 Nf6 2. c3 c5 3. Nf3 d5 4. Bf4 Nc6 5. e3 Bg4 6. Be2 e6 7. Nbd2 Bd6 8. Bxd6
Qxd6 9. dxc5 Qxc5 10. Nd4 Bxe2 11. Qxe2 e5 12. N4b3 Qb6 13. O-O O-O 14. Rad1
Rfe8 15. Nf3 a5 16. Nc1 Rad8 17. Qc2 Rc8 18. Ne2 e4 19. Nfd4 Ne5 20. Nc1 Nc4
21. b3 Ne5 22. a4 Rc5 23. Nb5 Qe6 24. h3 Rec8 25. Ne2 Nd3 26. Ned4 Qe7 1/2-1/2

[Event "Køge Bugt Forår 2012"]
[Site "Solrød Skole"]
[Date "2012.05.02"]
[Round "3.2"]
[White "Bayhan, Erkan"]
[Black "Krogh, Peter Ove"]
[Result "0-1"]
[WhiteElo "1507"]
[BlackElo "1895"]
[PlyCount "54"]
[EventDate "2012.??.??"]
[WhiteTeam "Hvidovre Skakklub"]
[BlackTeam "Køge Skakklub"]

1. d4 Nf6 2. c4 e6 3. Nc3 Bb4 4. Nf3 b6 5. Qc2 Bb7 6. e3 Ne4 7. Bd3 f5 8. a3
Bxc3+ 9. bxc3 d6 10. Rb1 Nd7 11. a4 a5 12. Qb3 Qe7 13. Ba3 O-O 14. Qc2 Kh8 15.
O-O Rf7 16. Rfe1 Rg8 17. Rb5 Bc6 18. Rbb1 Qe8 19. Qb3 Ndf6 20. Bc2 g5 21. Bc1
g4 22. Nd2 Ng5 23. Bd1 Rfg7 24. c5 dxc5 25. dxc5 Qh5 26. cxb6 Nf3+ 27. Nxf3
gxf3 0-1

[Event "Køge Bugt Forår 2012"]
[Site "Solrød Skole"]
[Date "2012.05.02"]
[Round "3.3"]
[White "Larsen, Paul M"]
[Black "Pondal, Jesper"]
[Result "0-1"]
[WhiteElo "1624"]
[BlackElo "1946"]
[PlyCount "50"]
[EventDate "2012.??.??"]
[WhiteTeam "Haslev Skakklub"]
[BlackTeam "Køge Skakklub"]

1. d4 f5 2. g3 Nf6 3. Bg2 d5 4. Nf3 e6 5. a3 Bd6 6. O-O Nbd7 7. Nbd2 O-O 8. c4
c6 9. c5 Bc7 10. b4 e5 11. dxe5 Nxe5 12. Nd4 a6 13. Bb2 Qe8 14. e3 Ne4 15. Qe2
Qg6 16. Bxe4 fxe4 17. f4 exf3 18. N2xf3 Nxf3+ 19. Nxf3 Bg4 20. Rf2 Qh5 21. Raf1
Rf7 22. Kg2 Bh3+ 23. Kg1 Raf8 24. Nd4 Qxe2 25. Nxe2 Bxf1 0-1

[Event "Køge Bugt Forår 2012"]
[Site "Solrød Skole"]
[Date "2012.05.02"]
[Round "3.4"]
[White "Forsmann, Henning"]
[Black "Orup, Kim Amdi"]
[Result "1-0"]
[WhiteElo "1747"]
[BlackElo "1803"]
[PlyCount "49"]
[EventDate "2012.??.??"]
[WhiteTeam "Solrød Skakklub"]
[BlackTeam "Solrød Skakklub"]

1. d4 f5 2. c4 Nf6 3. Nf3 d6 4. g3 g6 5. Bg2 c6 6. O-O Bg7 7. Nc3 O-O 8. d5
cxd5 9. cxd5 Na6 10. Be3 Nc7 11. Qd3 e5 12. dxe6 Bxe6 13. Nd4 Qe7 14. Bxb7 Rab8
15. Nc6 Qf7 16. Nxb8 Rxb8 17. Bf3 Rxb2 18. Rab1 Bc4 19. Qxd6 Nfe8 20. Qa3 Rxa2
21. Nxa2 Bxa2 22. Rb8 Bd5 23. Qxa7 Bxf3 24. exf3 Qd5 25. Qxc7 1-0

[Event "Køge Bugt Forår 2012"]
[Site "Solrød Skole"]
[Date "2012.05.02"]
[Round "3.5"]
[White "Johannsen, Bjørn"]
[Black "Refsgaard, Kaj"]
[Result "0-1"]
[WhiteElo "1750"]
[BlackElo "1705"]
[PlyCount "70"]
[EventDate "2012.??.??"]
[WhiteTeam "Haslev Skakklub"]
[BlackTeam "Jernbanens Skakklub"]

1. e4 c5 2. d3 g6 3. g3 Bg7 4. Bg2 Nc6 5. c3 d6 6. Na3 Nf6 7. Ne2 O-O 8. O-O
Bg4 9. f3 Bd7 10. Nf4 Qc8 11. Nc4 b5 12. Ne3 e5 13. Nfd5 Bh3 14. Nxf6+ Bxf6 15.
Nd5 Bg7 16. Rf2 Bxg2 17. Kxg2 Qd7 18. f4 exf4 19. Bxf4 Rac8 20. Qd2 f5 21. Re1
Rf7 22. Bg5 Rcf8 23. exf5 Rxf5 24. Rxf5 Qxf5 25. Ne7+ Nxe7 26. Bxe7 Qd5+ 27.
Kg1 Rf7 28. a3 Be5 29. Bg5 Qf3 30. Be3 a6 31. d4 cxd4 32. Bxd4 h6 33. Be3 h5
34. Bh6 Rf5 35. Be3 Bxg3 0-1

[Event "Køge Bugt Forår 2012"]
[Site "Solrød Skole"]
[Date "2012.05.02"]
[Round "3.6"]
[White "Trærup, Jørgen"]
[Black "Christensen, Peter"]
[Result "1/2-1/2"]
[WhiteElo "1686"]
[BlackElo "1588"]
[PlyCount "236"]
[EventDate "2012.??.??"]
[WhiteTeam "BMS Skak"]
[BlackTeam "Køge Skakklub"]

1. d4 d5 2. Nf3 Nf6 3. Nc3 Bg4 4. e3 e6 5. Be2 Bd6 6. h3 Bh5 7. Ng1 Bg6 8. Bf3
O-O 9. Nge2 Nbd7 10. Ng3 c5 11. O-O a6 12. Bd2 Qc7 13. Nce2 b5 14. c3 e5 15.
dxe5 Nxe5 16. Nf4 Nxf3+ 17. Qxf3 Bxf4 18. Qxf4 Qxf4 19. exf4 d4 20. cxd4 cxd4
21. Bb4 Rfe8 22. Rfe1 Bc2 23. Rxe8+ Rxe8 24. Re1 Rxe1+ 25. Bxe1 Nd5 26. Bd2 g6
27. a3 Nb6 28. Ne2 d3 29. Nc3 Nc4 30. Ne4 f5 31. Nf6+ Kf7 32. Bc3 d2 33. Bxd2
Nxd2 34. Nd7 Nc4 35. Nc5 a5 36. Nb7 a4 37. Kf1 Nxb2 38. Nd6+ Ke6 39. Nxb5 Kd5
40. Ke2 Kc4 41. Nd6+ Kb3 42. Kd2 Bd3 43. g4 fxg4 44. hxg4 Kxa3 45. f5 gxf5 46.
gxf5 Kb3 47. f6 Bg6 48. Ne4 a3 49. Kc1 Nd3+ 50. Kb1 Nxf2 51. f7 Bxf7 52. Nxf2
Bg6+ 53. Ka1 h5 54. Nh1 Bf7 55. Ng3 Kc2 56. Nxh5 Bxh5 57. Ka2 Be2 58. Kxa3 Kc3
59. Ka4 Bd3 60. Ka5 Kc4 61. Kb6 Kd4 62. Kc6 Bf5 63. Kd6 Ke4 64. Kc6 Kd4 65. Kd6
Ke4 66. Kc6 Bg4 67. Kd6 Bf5 68. Kc6 Bh3 69. Kd6 Kf5 70. Kd5 Bg2+ 71. Kd6 Kf6
72. Kc5 Ke5 73. Kc4 Be4 74. Kc3 Kd5 75. Kd2 Kd4 76. Ke2 Bh1 77. Kf2 Kd3 78. Kg3
Ke4 79. Kg4 Ke5 80. Kg5 Ke6 81. Kg6 Be4+ 82. Kg5 Ke5 83. Kg4 Bf5+ 84. Kf3 Be4+
85. Kf2 Bb7 86. Ke3 Kf5 87. Kd3 Kf4 88. Kd4 Kf3 89. Ke5 Ke3 90. Kf5 Kd4 91. Kf4
Kd5 92. Kf3 Ke5+ 93. Ke3 Kf5 94. Kd4 Kf4 95. Kd3 Kf3 96. Kd2 Kf2 97. Kd3 Kf3
98. Kd4 Kf4 99. Kc5 Ke5 100. Kb6 Bh1 101. Kc7 Ke6 102. Kd8 Kd6 103. Ke8 Bd5
104. Kd8 Bc6 105. Kc8 Bb5 106. Kb7 Kd7 107. Kb6 Be2 108. Kb7 Kd8 109. Ka8 Kc7
110. Ka7 Kc6 111. Kb8 Kc5 112. Kb7 Kd4 113. Kb6 Kd5 114. Ka5 Kc5 115. Ka4 Kc4
116. Ka3 Kc3 117. Ka2 Bd3 118. Ka1 Kb3 1/2-1/2

[Event "Køge Bugt Forår 2012"]
[Site "Solrød Skole"]
[Date "2012.05.02"]
[Round "3.7"]
[White "Christensen, Verner"]
[Black "Krag-Jacobsen, Alan"]
[Result "1-0"]
[WhiteElo "1917"]
[BlackElo "1670"]
[PlyCount "43"]
[EventDate "2012.??.??"]
[WhiteTeam "Solrød Skakklub"]
[BlackTeam "Solrød Skakklub"]

1. e4 e5 2. Bc4 Nf6 3. d3 d5 4. exd5 Nxd5 5. Nc3 Be6 6. Qf3 c6 7. Nge2 Bb4 8.
Bd2 Qd7 9. O-O Nxc3 10. bxc3 Bc5 11. Bxe6 Qxe6 12. d4 Bd6 13. dxe5 Bxe5 14. Nd4
Qe7 15. Rfe1 O-O 16. Nf5 Qc7 17. Qh5 Na6 18. Rxe5 Kh8 19. Ne7 g6 20. Qe2 Qd7
21. Bh6 Rfe8 22. Rd1 1-0